[Event "47. Torneo Villa de Mislata - Torneo A"]
[Site "Mislata ESP"]
[Date "2013.08.14"]
[Round "4.7"]
[White "Buenafe Moya, Javier"]
[Black "Cebrian Flores, Juan Antonio"]
[Result "1-0"]
[WhiteElo "2229"]
[BlackElo "1988"]
[PlyCount "107"]
[EventDate "2013.08.12"]
[EventType "swiss"]
[EventRounds "9"]
[EventCountry "ESP"]
[Source "lmi"]
[SourceDate "2013.08.12"]

1. c4 Nf6 2. Nc3 g6 3. g3 Bg7 4. Bg2 O-O 5. d3 d6 6. e4 c5 7. Nge2 Nc6 8. O-O
Ne8 9. Be3 Nd4 10. Rb1 Bg4 11. f3 Bd7 12. b4 b6 13. f4 Rb8 14. h3 Nc7 15. g4
Nce6 16. Ng3 Nc7 17. Qd2 e6 18. Kh2 f5 19. exf5 exf5 20. bxc5 dxc5 21. gxf5
Bxf5 22. Be4 Qh4 23. Qg2 Bxe4 24. dxe4 Rbe8 25. Nd5 Nce6 26. Kh1 Kh8 27. Rbe1
Nc2 28. Qxc2 Qxg3 29. Qg2 Qxg2+ 30. Kxg2 Nd4 31. Bd2 Kg8 32. a4 Nb3 33. Rf2 Nd4
34. Bc3 Nb3 35. e5 Kf7 36. Kg3 Kg8 37. h4 Rf5 38. Rb1 Nd4 39. Bxd4 cxd4 40. Rd2
Kf8 41. Rxd4 h6 42. Kg4 Rf7 43. Rb5 g5 44. hxg5 hxg5 45. Kxg5 Re6 46. a5 Rb7
47. axb6 axb6 48. Nc3 Bh6+ 49. Kf5 Rc6 50. Ne4 Rbc7 51. Nd6 Ke7 52. Ke4 Bf8 53.
Rb1 Ra7 54. Rxb6 1-0

[Event "47. Torneo Villa de Mislata - Torneo A"]
[Site "Mislata ESP"]
[Date "2013.08.14"]
[Round "4.8"]
[White "Uran Bermudez, Oliver Kevin"]
[Black "Picazo Lopez, Juan Antonio"]
[Result "0-1"]
[WhiteElo "2103"]
[BlackElo "2200"]
[PlyCount "176"]
[EventDate "2013.08.12"]
[EventType "swiss"]
[EventRounds "9"]
[EventCountry "ESP"]
[Source "lmi"]
[SourceDate "2013.08.12"]

1. e4 d5 2. exd5 Nf6 3. d4 Nxd5 4. c4 Nb6 5. Nc3 e5 6. Nf3 exd4 7. Nxd4 Nc6 8.
Nxc6 Qxd1+ 9. Nxd1 bxc6 10. Bd2 Be6 11. Ne3 Bc5 12. Bc3 O-O 13. b3 a5 14. Be2
Bb4 15. Rc1 Nd7 16. O-O Rfb8 17. Bf3 Ra6 18. Rfd1 g6 19. Bb2 Bd6 20. Be2 c5 21.
Nd5 Bxd5 22. cxd5 Ra7 23. g3 a4 24. Bc4 Nb6 25. Bf6 axb3 26. axb3 Nxc4 27. bxc4
Ra4 28. Re1 Kf8 29. Re4 Re8 30. Rxe8+ Kxe8 31. Rb1 Kd7 32. Rc1 h5 33. Kg2 c6
34. dxc6+ Kxc6 35. Rc2 Kd7 36. Kf3 Ke6 37. Bb2 Rb4 38. Ke4 f5+ 39. Kd3 Rb3+ 40.
Bc3 Be5 41. f4 Bd4 42. Kd2 Bg1 43. Kc1 Kf7 44. Be1 h4 45. Ra2 Kg7 46. Kc2 Re3
47. Kd2 Re4 48. gxh4 Rxc4 49. Bg3 Rb4 50. Ra7+ Kh6 51. Kc3 Bd4+ 52. Kc2 c4 53.
Ra2 Bf6 54. Be1 Rb3 55. Ra6 Rb2+ 56. Kc1 Bg7 57. Rc6 Re2 58. Kd1 Re4 59. Bb4
Bb2 60. Rc7 Kh5 61. h3 Kxh4 62. Kc2 c3 63. Rh7+ Kg3 64. Bd6 Re2+ 65. Kb3 Rg2
66. Be5 Kf3 67. h4 Bc1 68. h5 c2 69. hxg6 Ba3 70. Bb2 c1=Q 71. Bxc1 Bxc1 72.
Rf7 Kxf4 73. g7 Ke4 74. Re7+ Kf3 75. Kc4 Bb2 76. Kd3 Rxg7 77. Re3+ Kg4 78. Ke2
f4 79. Rd3 Bc1 80. Rc3 Be3 81. Rc8 Kg3 82. Rf8 Kg2 83. Rf6 Rg5 84. Rf8 Bc1 85.
Rf7 f3+ 86. Ke1 Re5+ 87. Kd1 f2 88. Rg7+ Rg5 0-1

[Event "47. Torneo Villa de Mislata - Torneo A"]
[Site "Mislata ESP"]
[Date "2013.08.14"]
[Round "4.9"]
[White "Mingarro Carceller, Sergi"]
[Black "Rubio Tent, Francisco"]
[Result "1-0"]
[WhiteElo "2195"]
[BlackElo "2150"]
[PlyCount "185"]
[EventDate "2013.08.12"]
[EventType "swiss"]
[EventRounds "9"]
[EventCountry "ESP"]
[Source "lmi"]
[SourceDate "2013.08.12"]

1. d4 d5 2. c4 c6 3. cxd5 cxd5 4. Bf4 Nc6 5. e3 Nf6 6. Nc3 Bf5 7. Qb3 Qb6 8.
Qxb6 axb6 9. Nb5 Rc8 10. Rc1 e6 11. f3 Bb4+ 12. Kf2 O-O 13. a3 Be7 14. g4 Bg6
15. b4 Nb8 16. Rxc8 Rxc8 17. Ne2 Bd3 18. Nec3 Bxf1 19. Rxf1 h6 20. Ke2 Nbd7 21.
Kd2 Kf8 22. Rh1 Ne8 23. h4 Rc6 24. g5 h5 25. e4 dxe4 26. fxe4 Bd6 27. Be3 Bb8
28. Rf1 Ke7 29. e5 g6 30. Ne4 Ng7 31. Ned6 Nf5 32. Nxb7 Nxh4 33. N7d6 Nf5 34.
Nxf5+ gxf5 35. Rh1 Rc8 36. Rxh5 Rg8 37. Rh1 Rc8 38. g6 Rg8 39. gxf7 Kxf7 40.
Rh7+ Rg7 41. Rxg7+ Kxg7 42. a4 Kg6 43. a5 bxa5 44. bxa5 Kh5 45. a6 Kg4 46. a7
Bxa7 47. Nxa7 f4 48. Bg1 Kf5 49. Nc6 Ke4 50. Kc3 Nf8 51. Nb4 Ng6 52. Nd3 Nh4
53. Bf2 Nf3 54. Nc5+ Kd5 55. Nd3 Ke4 56. Ne1 Nxe5 57. dxe5 Kxe5 58. Kd3 Kf5 59.
Bb6 e5 60. Bc7 e4+ 61. Kd4 e3 62. Kd3 Ke6 63. Bxf4 Kd5 64. Bxe3 Ke5 65. Nf3+
Kd5 66. Bd4 Kd6 67. Ke4 Kc6 68. Ke5 Kb5 69. Kd5 Kb4 70. Nd2 Kb5 71. Bc5 Ka6 72.
Ne4 Kb7 73. Kd6 Kc8 74. Kc6 Kb8 75. Nd6 Ka8 76. Nb5 Kb8 77. Nc7 Kc8 78. Ba7 Kd8
79. Nd5 Ke8 80. Kd6 Kf7 81. Ne7 Kf6 82. Be3 Kf7 83. Bd4 Ke8 84. Ke6 Kd8 85.
Bb6+ Ke8 86. Bc7 Kf8 87. Nf5 Kg8 88. Kf6 Kf8 89. Ng7 Kg8 90. Kg6 Kh8 91. Bd6
Kg8 92. Nf5 Kh8 93. Bc5 1-0

[Event "47. Torneo Villa de Mislata - Torneo A"]
[Site "Mislata ESP"]
[Date "2013.08.14"]
[Round "4.10"]
[White "Jimenez Martin, Gustavo"]
[Black "Saenz Narciso, Miguel Angel"]
[Result "1/2-1/2"]
[WhiteElo "2136"]
[BlackElo "2206"]
[PlyCount "42"]
[EventDate "2013.08.12"]
[EventType "swiss"]
[EventRounds "9"]
[EventCountry "ESP"]
[Source "lmi"]
[SourceDate "2013.08.12"]

1. d4 Nf6 2. Nc3 d5 3. Bg5 c6 4. Qd3 g6 5. f3 Bg7 6. e4 h6 7. Bh4 O-O 8. Nge2
Na6 9. e5 Nh7 10. f4 Re8 11. h3 Qa5 12. g4 b5 13. Qd2 f5 14. gxf5 Bxf5 15. Ng3
e6 16. Nxf5 exf5 17. Bd3 Nc7 18. O-O Qb6 19. Bf2 Nf8 20. Kh1 Nce6 21. Ne2 Reb8
1/2-1/2

[Event "47. Torneo Villa de Mislata - Torneo A"]
[Site "Mislata ESP"]
[Date "2013.08.14"]
[Round "4.11"]
[White "Nieves Cabanes, Jose Manuel"]
[Black "Aymerich Rosell, Pablo"]
[Result "0-1"]
[WhiteElo "2048"]
[BlackElo "2199"]
[PlyCount "66"]
[EventDate "2013.08.12"]
[EventType "swiss"]
[EventRounds "9"]
[EventCountry "ESP"]
[Source "lmi"]
[SourceDate "2013.08.12"]

1. d4 Nf6 2. c4 e6 3. Nf3 d5 4. Nc3 Bb4 5. e3 O-O 6. Bd3 c5 7. O-O Nc6 8. a3
Bxc3 9. bxc3 Qc7 10. cxd5 exd5 11. h3 Re8 12. Bb2 c4 13. Bc2 Ne4 14. Nd2 Bf5
15. Re1 Re6 16. f3 Nd6 17. e4 Rae8 18. Rf1 dxe4 19. fxe4 Bxe4 20. d5 Bxd5 21.
Qh5 Be4 22. Nxe4 Nxe4 23. Bxe4 Rxe4 24. Bc1 Ne5 25. Bf4 Qb6+ 26. Kh1 Qg6 27.
Qd1 Nd3 28. Qa4 Re2 29. Rg1 Nxf4 30. Ra2 Qc6 31. Qxc6 bxc6 32. Rxe2 Nxe2 33.
Re1 Ng3+ 0-1

[Event "47. Torneo Villa de Mislata - Torneo A"]
[Site "Mislata ESP"]
[Date "2013.08.14"]
[Round "4.12"]
[White "Ortega Lopez, Mikel"]
[Black "Jordan Martinez, Miguel"]
[Result "1/2-1/2"]
[WhiteElo "1988"]
[BlackElo "2172"]
[PlyCount "65"]
[EventDate "2013.08.12"]
[EventType "swiss"]
[EventRounds "9"]
[EventCountry "ESP"]
[Source "lmi"]
[SourceDate "2013.08.12"]

1. e4 e6 2. d4 d5 3. Nd2 Nf6 4. e5 Nfd7 5. c3 c5 6. Bd3 Nc6 7. Ne2 cxd4 8. cxd4
f6 9. exf6 Nxf6 10. O-O Qc7 11. Nf3 Bd6 12. g3 O-O 13. Bf4 Bxf4 14. Nxf4 e5 15.
dxe5 Nxe5 16. Nxe5 Qxe5 17. Qb3 Kh8 18. Qb4 Bd7 19. Rfe1 Qg5 20. Re7 Qh6 21.
Rae1 Bc6 22. Qd4 Ne4 23. Bxe4 dxe4 24. Ne6 Rg8 25. Re3 Rae8 26. Rxe8 Rxe8 27.
Nd8 Qg6 28. Nxc6 Qxc6 29. Qc3 Qg6 30. Qc7 h5 31. h4 Qf6 32. Qc3 Qf5 33. Qc2
1/2-1/2

[Event "47. Torneo Villa de Mislata - Torneo A"]
[Site "Mislata ESP"]
[Date "2013.08.14"]
[Round "4.13"]
[White "Laliena Solanes, Luis"]
[Black "Ferreruela Romero, Jose Joaquin"]
[Result "1-0"]
[WhiteElo "2162"]
[BlackElo "2022"]
[PlyCount "123"]
[EventDate "2013.08.12"]
[EventType "swiss"]
[EventRounds "9"]
[EventCountry "ESP"]
[Source "lmi"]
[SourceDate "2013.08.12"]

1. d4 Nf6 2. Nf3 e6 3. Bf4 b6 4. e3 Bb7 5. Nbd2 Nh5 6. Bg5 Be7 7. Bxe7 Qxe7 8.
Bd3 f5 9. Qe2 Nf6 10. O-O-O Ne4 11. Rhg1 Nxd2 12. Rxd2 Nc6 13. c3 Qf6 14. e4
fxe4 15. Bxe4 O-O-O 16. Ne5 Ne7 17. a4 Nd5 18. a5 d6 19. Nd3 bxa5 20. Kc2 Bc6
21. Ra1 a4 22. g3 Bb5 23. Bxd5 exd5 24. Qg4+ Bd7 25. Qh5 g5 26. f4 h6 27. Re2
Be8 28. Qf3 gxf4 29. Qxd5 Bf7 30. Qf3 Bb3+ 31. Kd2 Rde8 32. Rae1 Re3 33. Rxe3
fxe3+ 34. Rxe3 Qxf3 35. Rxf3 h5 36. Rf5 h4 37. g4 Be6 38. Rh5 Rg8 39. h3 Bxg4
40. hxg4 Rxg4 41. Nf2 Rg2 42. Ke2 Rg3 43. Rxh4 a3 44. bxa3 Rxc3 45. Rh3 Rc2+
46. Ke1 Kb7 47. Ne4 Kc6 48. Rc3+ Rxc3 49. Nxc3 Kb6 50. Kd2 c6 51. Kd3 d5 52.
Na4+ Kb5 53. Nc5 Kb6 54. Kc3 Ka5 55. Kb3 Kb5 56. Nd3 Ka5 57. a4 Kb6 58. Kb4 a5+
59. Kc3 Kc7 60. Kd2 Kd6 61. Ke3 Ke6 62. Kf4 1-0

[Event "47. Torneo Villa de Mislata - Torneo A"]
[Site "Mislata ESP"]
[Date "2013.08.14"]
[Round "4.14"]
[White "Lopez Mulet, Inigo"]
[Black "Ribera Cebolla, Marc"]
[Result "1-0"]
[WhiteElo "2120"]
[BlackElo "2029"]
[PlyCount "81"]
[EventDate "2013.08.12"]
[EventType "swiss"]
[EventRounds "9"]
[EventCountry "ESP"]
[Source "lmi"]
[SourceDate "2013.08.12"]

1. d4 Nf6 2. c4 c5 3. d5 b5 4. cxb5 a6 5. e3 d6 6. Nc3 g6 7. a4 Bg7 8. e4 O-O
9. Ra3 Bb7 10. Nf3 axb5 11. Bxb5 Na6 12. O-O Nc7 13. Bc4 e6 14. Bf4 exd5 15.
exd5 Re8 16. a5 Ne4 17. Qd3 Qf6 18. Be5 Qf5 19. Bxg7 Kxg7 20. a6 Bc8 21. Rfa1
Qf4 22. Nxe4 Rxe4 23. g3 Qg4 24. h3 Qf5 25. a7 Bb7 26. Rb3 Rxc4 27. Qxf5 gxf5
28. Rxb7 Nxd5 29. Rb8 Nc7 30. Rb7 Nd5 31. Rd7 Rb4 32. Rxd6 Nb6 33. Ra2 Nc4 34.
Rc6 Rxb2 35. Ra4 Nd2 36. Nh4 f6 37. Nxf5+ Kf8 38. Rxf6+ Ke8 39. Ng7+ Kd7 40.
Ne6 Nf3+ 41. Kg2 1-0

[Event "47. Torneo Villa de Mislata - Torneo A"]
[Site "Mislata ESP"]
[Date "2013.08.14"]
[Round "4.15"]
[White "Garcia De Lomas Guerrero, Carlos"]
[Black "Calvo Alfonso, Vicente"]
[Result "1/2-1/2"]
[WhiteElo "2013"]
[BlackElo "2177"]
[PlyCount "41"]
[EventDate "2013.08.12"]
[EventType "swiss"]
[EventRounds "9"]
[EventCountry "ESP"]
[Source "lmi"]
[SourceDate "2013.08.12"]

1. e4 c6 2. d4 Na6 3. Nc3 Nc7 4. Bd3 g6 5. Be3 Bg7 6. Qd2 d5 7. Nge2 b6 8.
O-O-O Ba6 9. f4 Bxd3 10. Qxd3 dxe4 11. Nxe4 e6 12. g4 Nf6 13. Nxf6+ Bxf6 14.
Kb1 Qd7 15. Ng3 O-O-O 16. f5 exf5 17. gxf5 Rhe8 18. Rhf1 Qe7 19. Bf2 Qd7 20.
Be3 Qe7 21. Bf2 1/2-1/2

[Event "47. Torneo Villa de Mislata - Torneo A"]
[Site "Mislata ESP"]
[Date "2013.08.14"]
[Round "4.16"]
[White "Pena Riasco, Alexander"]
[Black "Sanchiz Marti, Josep Miquel"]
[Result "1-0"]
[WhiteElo "2121"]
[BlackElo "2047"]
[PlyCount "43"]
[EventDate "2013.08.12"]
[EventType "swiss"]
[EventRounds "9"]
[EventCountry "ESP"]
[Source "lmi"]
[SourceDate "2013.08.12"]

1. e4 c5 2. Nf3 d6 3. d4 cxd4 4. Nxd4 Nf6 5. Nc3 e6 6. g4 Nc6 7. g5 Nd7 8. Be3
a6 9. h4 Qc7 10. Bd3 b5 11. Nxc6 Qxc6 12. a3 Bb7 13. Qe2 Rc8 14. O-O-O Ne5 15.
Bf4 Nxd3+ 16. Qxd3 Rd8 17. h5 Qc4 18. Qe3 Qc5 19. Qg3 a5 20. Rhe1 Bc6 21. Be3
Qe5 22. f4 1-0

[Event "47. Torneo Villa de Mislata - Torneo A"]
[Site "Mislata ESP"]
[Date "2013.08.14"]
[Round "4.17"]
[White "Gonzalvez Perales, Jose Luis"]
[Black "Jordan Arenas, Manuel"]
[Result "1-0"]
[WhiteElo "1963"]
[BlackElo "2114"]
[PlyCount "99"]
[EventDate "2013.08.12"]
[EventType "swiss"]
[EventRounds "9"]
[EventCountry "ESP"]
[Source "lmi"]
[SourceDate "2013.08.12"]

1. e4 e5 2. Nf3 Nc6 3. Bb5 a6 4. Ba4 Nf6 5. O-O Be7 6. Re1 b5 7. Bb3 d6 8. c3
O-O 9. h3 Bb7 10. d4 Re8 11. Ng5 Rf8 12. Nf3 h6 13. Nbd2 Re8 14. Nf1 Bf8 15.
Ng3 g6 16. Nh4 d5 17. exd5 Nxd5 18. Qg4 Bg7 19. Nxg6 fxg6 20. Qxg6 Nce7 21.
Qe6+ Kf8 22. Bxh6 Qd6 23. Bxg7+ Kxg7 24. Nh5+ Kh8 25. Rxe5 Qxe6 26. Rxe6 Ng8
27. Rae1 Ndf6 28. Nxf6 Nxf6 29. R1e5 Rxe6 30. Rxe6 Nd5 31. Re5 Nf4 32. f3 Rf8
33. Re7 Bd5 34. Rxc7 Bxb3 35. axb3 Rg8 36. g4 Nxh3+ 37. Kg2 Nf4+ 38. Kg3 Ne2+
39. Kf2 Nf4 40. Rc6 Nd3+ 41. Ke3 Nxb2 42. Kd2 Re8 43. Rxa6 Kg7 44. Ra2 Rf8 45.
Rxb2 Rxf3 46. Rb1 Rg3 47. c4 Rxg4 48. Kc3 Rg5 49. Rf1 bxc4 50. bxc4 1-0

[Event "47. Torneo Villa de Mislata - Torneo A"]
[Site "Mislata ESP"]
[Date "2013.08.14"]
[Round "4.18"]
[White "Guillem Mora, Carlos"]
[Black "Ribes Peris, Alvaro"]
[Result "1-0"]
[WhiteElo "1903"]
[BlackElo "2109"]
[PlyCount "89"]
[EventDate "2013.08.12"]
[EventType "swiss"]
[EventRounds "9"]
[EventCountry "ESP"]
[Source "lmi"]
[SourceDate "2013.08.12"]

1. c4 f5 2. Nc3 Nf6 3. Nf3 e6 4. g3 d5 5. Bg2 Be7 6. O-O O-O 7. d3 d4 8. Nb5 c5
9. Bf4 Na6 10. Rb1 h6 11. Ne5 Qe8 12. Qe1 g5 13. Bd2 Nd7 14. Nxd7 Qxd7 15. f4
Kg7 16. Qf2 Nb8 17. b4 a6 18. Na3 Nc6 19. bxc5 Bxc5 20. Nc2 g4 21. Nb4 Ne7 22.
Rb2 Rd8 23. Rfb1 h5 24. Kf1 Ra7 25. Nc2 a5 26. Qe1 b6 27. Rxb6 Bxb6 28. Rxb6
Bb7 29. Nxd4 Bxg2+ 30. Kxg2 Kg8 31. Nxe6 Re8 32. Qf2 Nc6 33. Nc5 Qd6 34. d4
Rae7 35. e3 Rc8 36. Nb3 Qd8 37. Rb5 a4 38. Na5 Nxa5 39. Bxa5 Qe8 40. Rxf5 Rxe3
41. Rg5+ Kf7 42. Re5 Rf3 43. Qc2 Qh8 44. Qf5+ Qf6 45. Qxc8 1-0

[Event "47. Torneo Villa de Mislata - Torneo A"]
[Site "Mislata ESP"]
[Date "2013.08.14"]
[Round "4.19"]
[White "Gomez Sanjuan, Hector Fernando"]
[Black "Martin Capitan, Feliciano"]
[Result "0-1"]
[WhiteElo "1711"]
[BlackElo "2105"]
[PlyCount "56"]
[EventDate "2013.08.12"]
[EventType "swiss"]
[EventRounds "9"]
[EventCountry "ESP"]
[Source "lmi"]
[SourceDate "2013.08.12"]

1. d4 d5 2. c4 Nc6 3. Nf3 Bg4 4. Nc3 e6 5. cxd5 exd5 6. Bg5 Be7 7. Bxe7 Ngxe7
8. e3 O-O 9. Be2 Re8 10. O-O Nc8 11. a3 a5 12. Rb1 Bf5 13. Rc1 Nb6 14. Na4 Nxa4
15. Qxa4 Re6 16. Rc5 Be4 17. Rfc1 Rg6 18. Qb5 Qc8 19. Ne1 Ra6 20. Qa4 Rb6 21.
b3 Qd8 22. f3 Bf5 23. e4 Be6 24. f4 dxe4 25. d5 Bxd5 26. Rd1 Rd6 27. Nc2 Bxb3
28. Rxd6 cxd6 0-1

[Event "47. Torneo Villa de Mislata - Torneo A"]
[Site "Mislata ESP"]
[Date "2013.08.14"]
[Round "4.20"]
[White "Garcia Sancho, Josep"]
[Black "Moreno Vicente, Jesus Miguel"]
[Result "1/2-1/2"]
[WhiteElo "1735"]
[BlackElo "1801"]
[PlyCount "152"]
[EventDate "2013.08.12"]
[EventType "swiss"]
[EventRounds "9"]
[EventCountry "ESP"]
[Source "lmi"]
[SourceDate "2013.08.12"]

1. d4 Nf6 2. c4 e5 3. dxe5 Ng4 4. Bf4 g5 5. Bg3 Bg7 6. Nf3 Qe7 7. Qd2 Nxe5 8.
Bxe5 Bxe5 9. Nxg5 Qf6 10. Ne4 Qg7 11. Nbc3 f5 12. Ng3 Bxc3 13. bxc3 d6 14. Qd4
Qe5 15. e3 Nc6 16. Qxe5+ dxe5 17. Bd3 e4 18. Be2 Ne5 19. O-O-O Be6 20. Nxf5
Bxf5 21. Rd5 Nd3+ 22. Bxd3 O-O 23. Be2 Be6 24. Re5 Rxf2 25. Rxe6 Rxe2 26. Rxe4
Rf8 27. Rd1 Rxa2 28. Kb1 Rxg2 29. Re7 Rg7 30. Rdd7 Rxe7 31. Rxe7 Rf7 32. Re8+
Kg7 33. Kc2 Rd7 34. Re6 Kf7 35. Rh6 Kg7 36. Re6 a6 37. h3 Kf7 38. Rh6 Ke8 39.
Rf6 Ke7 40. Rh6 Kd8 41. Rf6 c5 42. Rf5 b6 43. Rd5 Kc7 44. e4 a5 45. Rh5 Rg7 46.
Rh6 Rd7 47. Rf6 a4 48. Rh6 Re7 49. e5 Kb7 50. e6 Kc6 51. Kb2 b5 52. cxb5+ Kxb5
53. Rf6 Kc4 54. Rf4+ Kd5 55. Rxa4 Rxe6 56. Rh4 h6 57. Kc2 c4 58. Rh5+ Kd6 59.
Rh4 Kc5 60. Rh5+ Kc6 61. Rh4 Kb5 62. Rh5+ Ka4 63. Rh4 Rc6 64. Rh5 Rg6 65. Kd2
Rg2+ 66. Ke3 Kb3 67. Rxh6 Kxc3 68. Kf4 Kd2 69. h4 c3 70. h5 c2 71. Rd6+ Ke1 72.
Rc6 Kd1 73. Kf5 c1=Q 74. Rxc1+ Kxc1 75. h6 Rh2 76. Kg6 Rxh6+ 1/2-1/2

[Event "47. Torneo Villa de Mislata - Torneo A"]
[Site "Mislata ESP"]
[Date "2013.08.14"]
[Round "4.21"]
[White "Gonzalez Santamartina, Jorge"]
[Black "Morant Amezaga, Elies"]
[Result "1/2-1/2"]
[WhiteElo "1891"]
[BlackElo "2022"]
[PlyCount "200"]
[EventDate "2013.08.12"]
[EventType "swiss"]
[EventRounds "9"]
[EventCountry "ESP"]
[Source "lmi"]
[SourceDate "2013.08.12"]

1. e4 e5 2. Nf3 Nf6 3. Nxe5 d6 4. Nf3 Nxe4 5. d4 d5 6. Bd3 Be7 7. O-O Nc6 8.
Re1 Bg4 9. c3 Nf6 10. Nbd2 O-O 11. Nf1 Re8 12. h3 Bh5 13. Ng3 Bg6 14. Ne5 Nxe5
15. dxe5 Ne4 16. Bxe4 dxe4 17. Qxd8 Raxd8 18. Bf4 f5 19. exf6 Bxf6 20. Rad1 c5
21. Rxd8 Bxd8 22. Rd1 Bf6 23. Rd7 Re7 24. Rxe7 Bxe7 25. Kf1 Bf7 26. b3 c4 27.
b4 Bd5 28. Be5 g6 29. Ke2 Bg5 30. Nf1 Kf7 31. Ne3 Bc6 32. Bd4 a6 33. g3 Ke6 34.
Bg7 Ba4 35. Bd4 Be7 36. a3 Bb5 37. h4 Bd6 38. Bg7 Bd7 39. Kd2 Bb5 40. Bd4 Bf8
41. Bh8 Bd6 42. Bd4 Bc7 43. Ke2 a5 44. Kd2 Bd6 45. Ke2 Ba4 46. Kd2 Bb3 47. Ke2
Bf8 48. Kd2 Ba2 49. Kc2 Bb3+ 50. Kd2 Be7 51. Bg7 Ba2 52. Bd4 Bf8 53. Kc2 Bb3+
54. Kd2 Kd7 55. Bf6 Kc6 56. Bd4 Kb5 57. Kc1 Bh6 58. Kb2 Ka4 59. Be5 Kb5 60. Bd4
axb4 61. axb4 Kc6 62. Kc1 Kd6 63. Kd2 Ke6 64. Ke1 Bf8 65. Kd2 Be7 66. Ke1 Ba2
67. Kd2 Bf8 68. Ke1 Kd7 69. Kd2 Kc6 70. Kc2 Bd6 71. Kb2 Bb3 72. Bg7 Bc7 73. Bd4
Bd8 74. Kc1 Bc7 75. Kb2 Kd6 76. Kc1 Ke6 77. Kd2 Bd6 78. Bg7 Be7 79. Ke1 Bd8 80.
Bd4 h6 81. Bg7 h5 82. Bd4 Ba2 83. Kd2 b5 84. Kc1 Bb3 85. Kd2 g5 86. hxg5 Bxg5
87. Kc1 h4 88. gxh4 Bxh4 89. Ng2 Bg5+ 90. Be3 Bf6 91. Kd2 Kf5 92. Nf4 Kg4 93.
Nd5 Bh4 94. Ke1 Kf3 95. Nc7 Ba4 96. Ne6 Bf6 97. Nd4+ Kg2 98. Kd2 Be5 99. Ke1
Bf6 100. Ke2 Be5 1/2-1/2

[Event "47. Torneo Villa de Mislata - Torneo A"]
[Site "Mislata ESP"]
[Date "2013.08.15"]
[Round "5.1"]
[White "Sos Andreu, Eric"]
[Black "Kovacevic, Slobodan"]
[Result "0-1"]
[WhiteElo "2229"]
[BlackElo "2337"]
[PlyCount "110"]
[EventDate "2013.08.12"]
[EventType "swiss"]
[EventRounds "9"]
[EventCountry "ESP"]
[Source "lmi"]
[SourceDate "2013.08.12"]

1. d4 Nf6 2. c4 e6 3. g3 c5 4. d5 exd5 5. cxd5 d6 6. Nc3 g6 7. Bg2 Bg7 8. Nf3
O-O 9. O-O Re8 10. Nd2 Nbd7 11. h3 a6 12. a4 Rb8 13. Nc4 Nb6 14. Na3 Bd7 15. e4
Nc8 16. Qd3 Nh5 17. g4 Nf6 18. f4 b5 19. axb5 axb5 20. e5 b4 21. exf6 Bxf6 22.
Ne4 Bd4+ 23. Kh1 bxa3 24. Qxa3 Bxg4 25. f5 Bxf5 26. Ng5 Bg7 27. Qg3 h6 28. Nf3
Be4 29. Ra4 Nb6 30. Ra7 Bxd5 31. Ng5 Bxg2+ 32. Qxg2 f5 33. Nf7 Qf6 34. Bxh6 Re7
35. Bg5 Qxf7 36. Rxe7 Qd5 37. Rf3 Nc4 38. Bf6 Rb7 39. Rxg7+ Rxg7 40. Bxg7 Kxg7
41. Rg3 Qe6 42. Qf2 Qe4+ 43. Kh2 Ne5 44. Re3 Qd4 45. Kg2 Kf6 46. Re2 Qd5+ 47.
Kg3 g5 48. Kh2 f4 49. Kg1 Nf3+ 50. Kf1 Nd4 51. Re8 Qh1+ 52. Qg1 Qxh3+ 53. Kf2
Qf3+ 54. Ke1 Qh5 55. Rf8+ Ke7 0-1

[Event "47. Torneo Villa de Mislata - Torneo A"]
[Site "Mislata ESP"]
[Date "2013.08.15"]
[Round "5.2"]
[White "Castella Garcia, Fausto"]
[Black "Buenafe Moya, Javier"]
[Result "1/2-1/2"]
[WhiteElo "2338"]
[BlackElo "2229"]
[PlyCount "95"]
[EventDate "2013.08.12"]
[EventType "swiss"]
[EventRounds "9"]
[EventCountry "ESP"]
[Source "lmi"]
[SourceDate "2013.08.12"]

1. e4 e5 2. Nf3 Nc6 3. Bc4 Bc5 4. c3 Nf6 5. d3 d6 6. Bb3 a6 7. h3 h6 8. Nbd2
O-O 9. Nf1 d5 10. Qe2 Re8 11. g4 dxe4 12. dxe4 Be6 13. g5 hxg5 14. Bxg5 Bxb3
15. axb3 a5 16. Rg1 Re6 17. Ng3 Qe8 18. Nf5 g6 19. Bh6 Nh5 20. Ng5 Nd4 21. Nxd4
Nf4 22. Qf3 Rf6 23. Nf5 Qb5 24. c4 Qb4+ 25. Kf1 gxf5 26. Ne6+ Rg6 27. Nxf4 exf4
28. exf5 Rxg1+ 29. Kxg1 Bf8 30. Bxf4 Re8 31. Kh2 Re1 32. Qg4+ Kh7 33. Qh5+ Kg8
34. Be5 Bg7 35. Qg4 f6 36. Rxe1 Qxe1 37. Bg3 Qd2 38. Qe4 c6 39. Qe7 Qxb2 40.
Qxb7 Kh7 41. Qxc6 Qxb3 42. Qb5 a4 43. Bd6 Qc2 44. Kg2 Qe4+ 45. Kg1 Qe1+ 46. Kg2
Qe4+ 47. Kg1 Qe1+ 48. Kg2 1/2-1/2

[Event "47. Torneo Villa de Mislata - Torneo A"]
[Site "Mislata ESP"]
[Date "2013.08.15"]
[Round "5.3"]
[White "Carrascoso Morales, Abel"]
[Black "Mingarro Carceller, Sergi"]
[Result "1/2-1/2"]
[WhiteElo "2288"]
[BlackElo "2195"]
[PlyCount "140"]
[EventDate "2013.08.12"]
[EventType "swiss"]
[EventRounds "9"]
[EventCountry "ESP"]
[Source "lmi"]
[SourceDate "2013.08.12"]

1. Nf3 Nf6 2. d4 e6 3. c4 d5 4. Nc3 Bb4 5. Bg5 Nbd7 6. cxd5 exd5 7. e3 c5 8.
dxc5 Qa5 9. Rc1 Bxc3+ 10. bxc3 O-O 11. Be2 Qxc5 12. Qd4 Ne4 13. Bf4 Re8 14. O-O
Nb6 15. Be5 f6 16. Qxc5 Nxc5 17. Bd4 Nca4 18. Bb5 Rd8 19. Rb1 a6 20. Bd3 Nc4
21. e4 Nab2 22. Bc2 b5 23. Rfe1 Bb7 24. e5 fxe5 25. Nxe5 Re8 26. Nf3 Bc6 27. h4
Rxe1+ 28. Rxe1 Re8 29. Rxe8+ Bxe8 30. Ng5 Bg6 31. Bxg6 hxg6 32. Ne6 Nd3 33. Nc7
Nc1 34. Nxa6 Nxa2 35. Nc7 b4 36. cxb4 Nxb4 37. Bc3 Nd3 38. Nxd5 Nd6 39. g3 Kf7
40. Kg2 Ke6 41. Ne3 Nxf2 42. Bxg7 Nd3 43. Kf3 Nf5 44. Nxf5 Kxf5 45. g4+ Ke6 46.
Ke4 Nf2+ 47. Kf4 Nd3+ 48. Kg5 Kf7 49. Kh6 Nf2 50. g5 Ng4+ 51. Kh7 Ne3 52. Bc3
Nf5 53. Be1 Ng7 54. Bf2 Nf5 55. Kh8 Ng7 56. Kh7 Nf5 57. Be1 Ng7 58. Bg3 Nf5 59.
Bf2 Ng7 60. Be1 Nf5 61. h5 gxh5 62. Bf2 Ke6 63. g6 Kf6 64. Bh4+ Ke5 65. Bg5 Ke4
66. Bd8 Kf3 67. Kg8 h4 68. Kf7 h3 69. Bc7 Nh4 70. g7 Nf5 1/2-1/2

[Event "47. Torneo Villa de Mislata - Torneo A"]
[Site "Mislata ESP"]
[Date "2013.08.15"]
[Round "5.4"]
[White "Montalban Galvez, Antoni"]
[Black "Cruz Lledo, Pablo"]
[Result "0-1"]
[WhiteElo "2197"]
[BlackElo "2271"]
[PlyCount "88"]
[EventDate "2013.08.12"]
[EventType "swiss"]
[EventRounds "9"]
[EventCountry "ESP"]
[Source "lmi"]
[SourceDate "2013.08.12"]

1. d4 d5 2. Nf3 Nf6 3. c4 dxc4 4. e3 g6 5. Bxc4 Bg7 6. Nc3 O-O 7. O-O Nfd7 8.
Qe2 Nc6 9. Rd1 Nb6 10. Bb3 a5 11. a3 a4 12. Bc2 Bd7 13. Ne4 e5 14. dxe5 Nxe5
15. Nc5 Qe7 16. Nxe5 Bxe5 17. Nxd7 Nxd7 18. Qb5 Nc5 19. Bd2 c6 20. Qb4 Rfd8 21.
Bc3 Bd6 22. Qg4 h5 23. Qc4 b5 24. Qa2 Ne4 25. Bxe4 Qxe4 26. Rd4 Qe7 27. Rad1
Be5 28. Bb4 Qf6 29. Rd7 Rxd7 30. Rxd7 Rd8 31. Rxd8+ Qxd8 32. Qb1 Bxb2 33. g3
Bg7 34. Qc2 Qd5 35. h4 Bf8 36. Bxf8 Kxf8 37. Qc3 Kg8 38. Qf6 c5 39. Qb6 Qc4 40.
e4 b4 41. axb4 cxb4 42. Qd8+ Kh7 43. Qf6 a3 44. Kh2 Qe6 0-1

[Event "47. Torneo Villa de Mislata - Torneo A"]
[Site "Mislata ESP"]
[Date "2013.08.15"]
[Round "5.6"]
[White "Aymerich Rosell, Pablo"]
[Black "Lopez Mulet, Inigo"]
[Result "1/2-1/2"]
[WhiteElo "2199"]
[BlackElo "2120"]
[PlyCount "43"]
[EventDate "2013.08.12"]
[EventType "swiss"]
[EventRounds "9"]
[EventCountry "ESP"]
[Source "lmi"]
[SourceDate "2013.08.12"]

1. d4 Nf6 2. c4 e6 3. Nc3 Bb4 4. e3 O-O 5. Nge2 b6 6. a3 Be7 7. Ng3 d5 8. cxd5
exd5 9. Bd3 g6 10. O-O c5 11. dxc5 bxc5 12. e4 c4 13. Be2 d4 14. e5 dxc3 15.
Bf3 Qxd1 16. Rxd1 Bg4 17. exf6 Bxf6 18. Bxg4 cxb2 19. Rb1 bxc1=Q 20. Rbxc1 Nc6
21. Bf3 Rac8 22. Rxc4 1/2-1/2